Reyes de España - Estadísticas

Estadísticas generales
  • Esta prueba ha sido intentada 150 veces
  • La puntuación promedio es 19 de 20
Estadísticas de respuestas
Período Nombre del Rey/Reina % Correcto
1556-1598 Felipe II
100%
1598-1621 Felipe III
100%
1621-1665 Felipe IV
100%
1700-1724 Felipe V
100%
1724-1746 Felipe V
100%
2014-Act. Felipe VI
100%
1975-2014 Juan Carlos I
100%
1516-1556 Carlos I
98%
1665-1700 Carlos II
98%
1759-1788 Carlos III
98%
1788-1808 Carlos IV
98%
1746-1759 Fernando VI
97%
1808 Fernando VII
97%
1814-1833 Fernando VII
97%
1874-1885 Alfonso XII
95%
1886-1931 Alfonso XIII
95%
1833-1868 Isabel II
93%
1808-1813 José I
91%
1870-1873 Amadeo I
88%
1724 Luis I
77%
No se encontraron pruebas coincidentes
Distribución de puntuación
Porcentaje de gente con cada puntuación
Porcentaje por número respondido
Historial de tus puntuaciones
No has intentado esta prueba.